Function algebras

Zapisane w:
Opis bibliograficzny
1. autor: Suciu, Ion (Autor)
Format: Książka
Język:angielski
Wydane: Bucarest Academiei 1975
Hasła przedmiotowe:
Etykiety: Dodaj etykietę
Nie ma etykietki, Dołącz pierwszą etykiete!

MARC

LEADER 00000nam a2200000 a 4500
001 UCP0566
003 CL-VaPUC
008 990313e19750000RM |||||||||||||||||eng|d
082 0 4 |a 515.722  |b SUC  |2 21 
100 0 |a Suciu, Ion  |e author  |9 425909 
245 1 0 |a Function algebras 
300 |a 272 p 
942 |c BK 
945 |d 19990313 00:00:00  |a crobeson 
260 |a Bucarest  |b Academiei  |c 1975 
650 0 |a Álgebra de funciones  |9 423488 
650 0 |a Teoría espectral  |9 422369 
650 0 |a Espacio de Hilbert   |9 260141 
583 |a last modification  |c 19990313 00:00:00  |k Rodrigo Vera 
999 |c 279330  |d 279328 
952 |0 0  |1 0  |4 0  |6 515_722000000000000_SUC_1975  |7 0  |8 A  |9 318390  |a BIBMAT  |b BIBMAT  |d 2019-11-20  |i 1324594  |o 515.722 SUC 1975  |p 1324594  |r 2025-01-07  |w 2019-11-20  |y BK  |k MAT